| 000 | 00572nam a2200121Ia 4500 | ||
|---|---|---|---|
| 008 | 220616s9999||||xx |||||||||||||| ||und|| | ||
| 245 | 0 |
_aHistory of Universities _bVolume XXXIV/1: A Global History of Research Education: Disciplines, Institutions, and Nations, 1840-1950 |
|
| 546 | _aEnglish[eng] | ||
| 650 | _ahigher education, research training, academic laboratory science, language scholars, Meiji Japan, physics researchers | ||
| 700 | _aKu, Ming Chang||Rocke, Alan | ||
| 856 | _uhttps://library.oapen.org/bitstream/20.500.12657/52067/1/9780192844774.pdf | ||
| 942 | _cEB | ||
| 999 |
_c20519 _d20519 |
||